Time to take your asbestos seriously (Record no. 72290)

MARC details
000 -LEADER
fixed length control field 01414cam a2200217 4500
008 - FIXED-LENGTH DATA ELEMENTS--GENERAL INFORMATION
fixed length control field 030312n2003 000 0 eng u
035 ## - SYSTEM CONTROL NUMBER
System control number (Sirsi) u121606
100 ## - MAIN ENTRY--PERSONAL NAME
Personal name Pearce, A.
245 ## - TITLE STATEMENT
Title Time to take your asbestos seriously
260 ## - PUBLICATION, DISTRIBUTION, ETC.
Date of publication, distribution, etc. 2003
490 ## - SERIES STATEMENT
Series statement Farmers' Weekly
Volume/sequential designation 138(10) 7 March 2003, 87-9(3)
520 ## - SUMMARY, ETC.
Summary, etc. Following changes to the asbestos law, highlights the need for farmers and farm workers to consider the threat posed to their health by asbestos in farm buildings. HSE research shows that repeated exposure to low doses is a factor in cases of cancer caused by asbestos and farm workers are at such a risk where they often carry out repair and maintenance work on asbestos products in farm buildings. Advises farmers to have their farms inspected in order to ensure that all sources of asbestos are made safe or removed by creating a management plan. Free information sheets are available from the HSE at www.hse.gov.uk/pubns/asbindex.htm or HSE Books, PO Box 1999, Sudbury, Suffolk, CO10 2WA, t +44 (0)1787 881165.
590 ## - LOCAL NOTE (RLIN)
Local note ABS
650 ## - SUBJECT ADDED ENTRY--TOPICAL TERM
Topical term or geographic name entry element MANAGEMENT-HEALTH AND SAFETY-HAZARDOUS SUBSTANCES-ASBESTOS
650 ## - SUBJECT ADDED ENTRY--TOPICAL TERM
Topical term or geographic name entry element FARM BUILDINGS
650 ## - SUBJECT ADDED ENTRY--TOPICAL TERM
Topical term or geographic name entry element MANAGEMENT PLANS
650 ## - SUBJECT ADDED ENTRY--TOPICAL TERM
Topical term or geographic name entry element CONTROL OF ASBESTOS AT WORK REGULATIONS 2002
690 ## - LOCAL SUBJECT ADDED ENTRY--TOPICAL TERM (OCLC, RLIN)
Topical term or geographic name as entry element HEALTH AND SAFETY
9 (RLIN) 6244
856 ## - ELECTRONIC LOCATION AND ACCESS
Uniform Resource Identifier <a href="www.hse.gov.uk/pubns/asbindex.htm">www.hse.gov.uk/pubns/asbindex.htm</a>
Public note View the information sheets on the HSE website...
942 ## - ADDED ENTRY ELEMENTS (KOHA)
Suppress in OPAC 0
Holdings
Withdrawn status Lost status Source of classification or shelving scheme Damaged status Not for loan Home library Current library Shelving location Date acquired Total Checkouts Barcode Date last seen Copy number Price effective from Koha item type
    Dewey Decimal Classification     London London Journal article 12/03/2003   121606-1001 06/08/2019 1 06/08/2019 Journal article